ბათუმის შოთა რუსთაველის სახელმწიფო უნივერსიტეტის ბიბლიოთეკა

Геометрическая алгебра .. (ბიბ.ჩანაწერი № 38662)

000 -LEADER
fixed length control field 00678nam a2200205Ia 4500
001 - CONTROL NUMBER
control field 4889
003 - CONTROL NUMBER IDENTIFIER
control field GE_BSU
008 - FIXED-LENGTH DATA ELEMENTS--GENERAL INFORMATION
fixed length control field 181216s||||||||xx |||||||||||||| ||und||
040 ## - CATALOGING SOURCE
Transcribing agency GE_BSU
080 ## - UNIVERSAL DECIMAL CLASSIFICATION NUMBER
Universal Decimal Classification number 57.14
100 ## - MAIN ENTRY--PERSONAL NAME
Personal name Артин Э.
245 ## - TITLE STATEMENT
Title Геометрическая алгебра ..
245 ## - TITLE STATEMENT
Statement of responsibility, etc. Под редакцией Л. А. Калужнина. Перевод с английского В. М. Котлова.
260 ## - PUBLICATION, DISTRIBUTION, ETC.
Place of publication, distribution, etc. Москва
260 ## - PUBLICATION, DISTRIBUTION, ETC.
Name of publisher, distributor, etc. Наука Гл. ред. физико- математической лит-ры
260 ## - PUBLICATION, DISTRIBUTION, ETC.
Date of publication, distribution, etc. 1969
300 ## - PHYSICAL DESCRIPTION
Extent 283 с. 20 см.
653 ## - INDEX TERM--UNCONTROLLED
Uncontrolled term Геометрическая алгебра
942 ## - ADDED ENTRY ELEMENTS (KOHA)
Koha item type წიგნი

არაა ხელმისაწვდომი ეგზემპლარები.